Iron Maiden : Illustration #3 - Statistics

General Stats
  • This quiz has been taken 19 times
  • The average score is 8 of 16
Answer Stats
Picture Answer % Correct
Dance of death
93%
Run for your lives tour
86%
Somewhere in time
86%
The number of the beast
79%
Can I play with madness
71%
Stranger in a strange land
57%
A real dead one
50%
Somewhere back in time - The best of 1980-1989
50%
The writing on the wall
50%
Maiden England / Infinite dreams
43%
Bring your daughter... to the slaughter
36%
Hallowed be thy name
36%
Twilight zone
21%
A real live tour
7%
Behind the iron curtain
7%
World slavery tour '84
7%
No matching quizzes found
Score Distribution
Percent of People with Each Score
Percentile by Number Answered
Your Score History
You have not taken this quiz